[Event "Druga liga CS-Istok 2007"]
[Site "Niska Banja"]
[Date "2007.09.30"]
[Round "4.2"]
[White "Ilcic, Radoslav"]
[Black "Pantic, Milivoje"]
[Result "1/2-1/2"]
[WhiteElo "2201"]
[BlackElo "2161"]
[PlyCount "71"]
[EventDate "2007.09.09"]

1. c4 Nf6 2. d4 e6 3. Nc3 Bb4 4. Qc2 c5 5. dxc5 O-O 6. Nf3 Bxc5 7. Bg5 Be7 8.
Rd1 b6 9. e3 Bb7 10. Be2 a6 11. O-O Qc7 12. Rd2 Rc8 13. Rfd1 b5 14. cxb5 axb5
15. Qb3 b4 16. Nb5 Qa5 17. Bxf6 gxf6 18. Ra1 d5 19. a4 Nd7 20. Qd1 Nc5 21. Nbd4
Ne4 22. Rc2 Qd8 23. Nb3 Nc5 24. Nxc5 Rxc5 25. Rxc5 Bxc5 26. Nd2 Ba7 27. Nb3 f5
28. Nd4 f4 29. Bd3 Qf6 30. Qh5 h6 31. Nf3 fxe3 32. fxe3 Bxe3+ 33. Kh1 Rc8 34.
Qg4+ Qg7 35. Qxb4 Ba8 36. Qe1 1/2-1/2

[Event "Druga liga CS-Istok 2007"]
[Site "Niska Banja"]
[Date "2007.09.30"]
[Round "4.2"]
[White "Vulicevic, Bratimir"]
[Black "Batanjac, Aleksandar"]
[Result "1/2-1/2"]
[WhiteElo "2169"]
[BlackElo "2147"]
[PlyCount "45"]
[EventDate "2007.09.09"]

1. d4 e6 2. c4 b6 3. Nf3 Bb7 4. g3 Bxf3 5. exf3 d5 6. Bg2 Nf6 7. O-O Be7 8. Nc3
O-O 9. cxd5 exd5 10. Be3 c6 11. Rc1 a5 12. Qa4 b5 13. Qc2 Nfd7 14. Ne2 Bd6 15.
Nf4 Re8 16. Nd3 Nb6 17. b3 Ra7 18. Qd2 f6 19. Bh3 N6d7 20. Rfe1 Nf8 21. Bf4
Bxf4 22. Nxf4 Rae7 23. Nd3 1/2-1/2

[Event "Druga liga CS-Istok 2007"]
[Site "Niska Banja"]
[Date "2007.09.30"]
[Round "4.2"]
[White "Marinkovic, Vojkan"]
[Black "Djukic, Stevan"]
[Result "0-1"]
[WhiteElo "2065"]
[BlackElo "2175"]
[PlyCount "94"]
[EventDate "2007.09.09"]

1. e4 e6 2. d4 d5 3. e5 c5 4. c3 Nc6 5. Nf3 Nge7 6. Bd3 cxd4 7. cxd4 Nf5 8.
Bxf5 exf5 9. O-O Be7 10. Nc3 Be6 11. Qb3 a6 12. Be3 O-O 13. Rac1 Na5 14. Qd1 b5
15. b3 Rc8 16. Ne2 Qb6 17. Qd2 Ba3 18. Rxc8 Rxc8 19. Ne1 Qc7 20. Qd3 Nc6 21.
Bd2 Nb4 22. Qb1 h6 23. Bc3 a5 24. Bxb4 Bxb4 25. Nd3 Ba3 26. Ne1 Bb4 27. Qd3 Qc6
28. h3 a4 29. f4 Bd7 30. Kh2 a3 31. Ng3 Bxe1 32. Rxe1 Qc2 33. Qe2 b4 34. Nf1
Qb2 35. Ne3 Qxd4 36. Nc2 Qxf4+ 37. Kh1 Rc3 38. Rd1 Be6 39. Rd2 Qh4 40. Rd3 Qe4
41. Qxe4 fxe4 42. Rd2 e3 43. Re2 Rxc2 44. Rxc2 d4 45. Re2 Bf5 46. g4 d3 47.
Rxe3 d2 0-1

[Event "Druga liga CS-Istok 2007"]
[Site "Niska Banja"]
[Date "2007.09.30"]
[Round "4.2"]
[White "Radosavljevic, Novica"]
[Black "Minic, Ivan"]
[Result "1/2-1/2"]
[WhiteElo "2116"]
[BlackElo "2122"]
[PlyCount "157"]
[EventDate "2007.09.09"]

1. Nf3 d5 2. c4 c6 3. b3 Nf6 4. g3 Bf5 5. Bg2 e6 6. O-O h6 7. Bb2 Be7 8. d3 O-O
9. Nbd2 Nbd7 10. a3 b5 11. Nd4 Qb6 12. cxb5 cxb5 13. Nxf5 exf5 14. Nf3 Bd6 15.
Qd2 Rfe8 16. Nd4 Re5 17. Rac1 Bc5 18. Nf3 Ree8 19. b4 Bf8 20. Nd4 g6 21. Rc6
Qb7 22. Rfc1 a6 23. Nxf5 gxf5 24. Bxf6 Nxf6 25. Rxf6 Qe7 26. Rxf5 Qxe2 27. Qxe2
Rxe2 28. Bxd5 Ra7 29. Rc6 Kg7 30. Rcf6 Ree7 31. Rb6 Red7 32. Be4 Rd6 33. Rxd6
Bxd6 34. Rd5 Be7 35. Bf5 Bf6 36. Rd7 Rxd7 37. Bxd7 Bb2 38. a4 bxa4 39. Bxa4 Bc3
40. b5 axb5 41. Bxb5 Kf6 42. Bc4 Ke7 43. Kf1 f6 44. Ke2 Bd4 45. f4 f5 46. Ba6
Kf6 47. Bb5 Bc5 48. Be8 Ke7 49. Bh5 Kf6 50. Kf3 Bd4 51. h3 Bc5 52. Be8 Bd4 53.
Bd7 Bc5 54. g4 fxg4+ 55. hxg4 Bd4 56. Ke4 Ba7 57. Be8 Bb6 58. Bh5 Bc7 59. d4
Bd6 60. d5 Bc5 61. Be8 Bd6 62. Bd7 Bc7 63. Be8 Bd6 64. Bh5 Bc7 65. f5 Bd6 66.
Kd4 Ba3 67. Kc4 Ke5 68. Bf7 Be7 69. Be6 Kd6 70. Kb5 Bf6 71. Kb6 Bg5 72. Kb5 Bf6
73. Kc4 Be7 74. Kd3 Bd8 75. Ke3 Bf6 76. Kf3 Bg5 77. Kg3 Bf6 78. Bf7 Bg5 79. Kf3
1/2-1/2

[Event "Druga liga CS-Istok 2007"]
[Site "Niska Banja"]
[Date "2007.09.30"]
[Round "4.5"]
[White "Brankovic, Dejan"]
[Black "Vojinovic, Goran"]
[Result "0-1"]
[WhiteElo "2395"]
[BlackElo "2463"]
[PlyCount "72"]
[EventDate "2007.09.09"]

1. e4 d6 2. d4 Nf6 3. Nc3 c6 4. h3 e5 5. Be3 Nbd7 6. a4 Be7 7. g3 Qa5 8. Qd2
O-O 9. Bg2 Nb6 10. Nb1 Qxd2+ 11. Nxd2 exd4 12. Bxd4 d5 13. a5 Nbd7 14. exd5
Nxd5 15. Bxd5 cxd5 16. Ne2 Nb8 17. Nb3 Re8 18. f3 Bf5 19. Kd2 Nc6 20. h4 Bd6
21. c3 Rad8 22. Nf4 f6 23. Nd3 Nxd4 24. Nxd4 Bxd3 25. Kxd3 Bxg3 26. a6 Rd7 27.
axb7 Rxb7 28. b4 Bc7 29. Rhe1 Rxe1 30. Rxe1 Kf7 31. h5 Bb6 32. Nf5 Rd7 33. Nd4
Re7 34. Ra1 g6 35. hxg6+ hxg6 36. Nb5 Re3+ 0-1

[Event "Druga liga CS-Istok 2007"]
[Site "Niska Banja"]
[Date "2007.09.30"]
[Round "4.5"]
[White "Milosevic, Aleksandar"]
[Black "Zlatanovic, Boroljub"]
[Result "1-0"]
[WhiteElo "2287"]
[BlackElo "2371"]
[PlyCount "63"]
[EventDate "2007.09.09"]

1. g3 g6 2. Bg2 Bg7 3. f4 d6 4. Nf3 e5 5. d3 exf4 6. gxf4 Nf6 7. O-O O-O 8. e4
c6 9. Nc3 Nh5 10. d4 Bg4 11. Be3 Bh6 12. Qd2 f5 13. e5 d5 14. Na4 Na6 15. b3 b5
16. Nc5 Nxc5 17. dxc5 Bxf3 18. Bxf3 d4 19. Bxd4 Nxf4 20. Kh1 Bg5 21. Rad1 Ne6
22. Qg2 Nxd4 23. c3 Be3 24. cxd4 Qh4 25. Bxc6 Rad8 26. d5 Bxc5 27. d6 b4 28.
Qd5+ Kg7 29. Qxc5 f4 30. e6 Rf5 31. Qd4+ Kh6 32. e7 1-0

[Event "Druga liga CS-Istok 2007"]
[Site "Niska Banja"]
[Date "2007.09.30"]
[Round "4.5"]
[White "Grujic, Nebojsa"]
[Black "Jevtic, Sasa"]
[Result "0-1"]
[WhiteElo "2204"]
[BlackElo "2162"]
[PlyCount "75"]
[EventDate "2007.09.09"]

1. d4 Nf6 2. c4 e6 3. Nc3 Bb4 4. f3 O-O 5. e4 d5 6. e5 Nfd7 7. a3 Bxc3+ 8. bxc3
dxc4 9. Bxc4 Nxe5 10. Bb3 Ng6 11. Ne2 Nd7 12. O-O b6 13. Ng3 Bb7 14. f4 Nh4 15.
Ra2 Nf5 16. Qd3 Nc5 17. Qd1 Nxb3 18. Qxb3 Nd6 19. Raf2 Bd5 20. Qc2 f5 21. Re1
Rf6 22. Nf1 Rg6 23. Nd2 Qh4 24. Re3 b5 25. a4 a6 26. Qd3 Ne4 27. Nxe4 Bxe4 28.
Qd1 c6 29. Ba3 Qd8 30. g3 Qd5 31. Rb2 Qd8 32. Kf2 Rh6 33. h4 Rg6 34. Bb4 Bd5
35. Bc5 Rg4 36. Qf1 h6 37. h5 Qa5 38. Qd1 0-1

[Event "Druga liga CS-Istok 2007"]
[Site "Niska Banja"]
[Date "2007.09.30"]
[Round "4.5"]
[White "Stefanovic, Vladimir"]
[Black "Stankovic, Nemanja"]
[Result "1/2-1/2"]
[WhiteElo "2216"]
[BlackElo "2085"]
[PlyCount "37"]
[EventDate "2007.09.09"]

1. Nf3 d5 2. g3 Nf6 3. Bg2 e6 4. O-O Be7 5. b3 O-O 6. Bb2 Nbd7 7. d3 b6 8. Nbd2
Bb7 9. e3 c5 10. Qe2 Qc7 11. e4 dxe4 12. dxe4 Rfd8 13. Rad1 Rac8 14. h3 Bc6 15.
e5 Ne8 16. Rfe1 Nf8 17. h4 Rd7 18. Nf1 Rcd8 19. Rxd7 1/2-1/2

[Event "Druga liga CS-Istok 2007"]
[Site "Niska Banja"]
[Date "2007.09.30"]
[Round "4.6"]
[White "Panic, Milan"]
[Black "Radosavljevic, Slobodan D"]
[Result "1/2-1/2"]
[WhiteElo "2203"]
[BlackElo "2247"]
[PlyCount "76"]
[EventDate "2007.09.09"]

1. d4 Nf6 2. c4 c5 3. d5 g6 4. Nc3 Bg7 5. e4 d6 6. Bd3 O-O 7. h3 e6 8. Nf3 exd5
9. exd5 Re8+ 10. Be3 Bh6 11. O-O Bxe3 12. fxe3 Qe7 13. e4 Nbd7 14. Qd2 Kg7 15.
Rf2 Rf8 16. Raf1 Ne8 17. Qe3 Ne5 18. Nxe5 Qxe5 19. Ne2 Bd7 20. Nf4 Nf6 21. Bc2
Bf5 22. Nd3 Qxe4 23. Qg3 Qd4 24. Qxd6 Ne4 25. Qe5+ Qxe5 26. Nxe5 Nxf2 27. Bxf5
gxf5 28. Rxf2 Rad8 29. Rxf5 Rd6 30. b3 b5 31. g4 bxc4 32. bxc4 h6 33. Kg2 Ra6
34. Rf2 f6 35. Nd3 Rc8 36. h4 Ra4 37. Rc2 Ra3 38. Nf4 Kf7 1/2-1/2

[Event "Druga liga CS-Istok 2007"]
[Site "Niska Banja"]
[Date "2007.09.30"]
[Round "4.6"]
[White "Markovic, Milan"]
[Black "Kolbert, Engelbert"]
[Result "1-0"]
[WhiteElo "2325"]
[BlackElo "2167"]
[PlyCount "117"]
[EventDate "2007.09.09"]

1. e4 c5 2. Nf3 d6 3. d4 cxd4 4. Qxd4 Nc6 5. Bb5 Bd7 6. Bxc6 bxc6 7. c4 Qb6 8.
Nc3 Qxd4 9. Nxd4 g6 10. Be3 Bg7 11. f3 Nf6 12. O-O O-O 13. Rfd1 Rfd8 14. c5 d5
15. e5 Ne8 16. Bf4 Nc7 17. b4 Ne6 18. Nxe6 Bxe6 19. Ne2 Bd7 20. Nd4 e6 21. Rab1
Rdb8 22. Rdc1 a6 23. a3 h6 24. Nb3 Bf8 25. Bd2 Kh7 26. Bc3 Be7 27. Kf2 Bg5 28.
Rd1 Bd8 29. g4 Bc7 30. Kg2 Rg8 31. Rb2 h5 32. h3 g5 33. Re1 Kg6 34. Nc1 a5 35.
bxa5 Bxa5 36. Re3 hxg4 37. fxg4 Bc7 38. Rb7 Rgc8 39. Bd4 Ra4 40. Ne2 Be8 41.
Rf3 Raa8 42. Rf6+ Kg7 43. h4 gxh4 44. Nf4 Rxa3 45. Nh5+ Kh7 46. g5 Rd3 47. Rh6+
Kg8 48. Nf6+ Kg7 49. Rxc7 Ra8 50. Bf2 h3+ 51. Rxh3 Rxh3 52. Kxh3 Kg6 53. Re7
Kxg5 54. Nxe8 Ra3+ 55. Bg3 Rc3 56. Rxf7 Rxc5 57. Rf6 d4 58. Bf4+ Kh5 59. Rh6#
1-0

[Event "Druga liga CS-Istok 2007"]
[Site "Niska Banja"]
[Date "2007.09.30"]
[Round "4.6"]
[White "Stojanovic, Ivan"]
[Black "Popovic, Djordje D"]
[Result "0-1"]
[WhiteElo "2176"]
[BlackElo "2262"]
[PlyCount "58"]
[EventDate "2007.09.09"]

1. e4 c5 2. Nf3 d6 3. d4 cxd4 4. Nxd4 Nf6 5. Nc3 a6 6. Be2 e5 7. Nb3 Be7 8. Be3
Be6 9. O-O Nbd7 10. f4 Qc7 11. f5 Bc4 12. Bxc4 Qxc4 13. Qd3 Qc7 14. Qe2 Nb6 15.
Bg5 Rc8 16. Rad1 O-O 17. Rd3 Rfd8 18. Rfd1 Nbd7 19. Kh1 b5 20. a3 h6 21. Bh4
Nb6 22. Nd2 a5 23. b4 axb4 24. axb4 Qc6 25. Rg3 d5 26. exd5 Nbxd5 27. Nxd5 Rxd5
28. Nf3 Rxd1+ 29. Qxd1 Ne4 0-1

[Event "Druga liga CS-Istok 2007"]
[Site "Niska Banja"]
[Date "2007.09.30"]
[Round "4.6"]
[White "Komnenic, Branko"]
[Black "Pavlovic, Dean"]
[Result "1-0"]
[WhiteElo "2280"]
[BlackElo "2289"]
[PlyCount "73"]
[EventDate "2007.09.09"]

1. d4 d5 2. c4 c6 3. Nf3 Nf6 4. Nc3 e6 5. cxd5 exd5 6. Qc2 Bd6 7. Bg5 Nbd7 8.
e3 h6 9. Bh4 O-O 10. Bd3 Re8 11. O-O Be7 12. Bg3 b6 13. Nb5 Bb7 14. Nc7 Nh5 15.
Nxe8 Nxg3 16. hxg3 Qxe8 17. e4 dxe4 18. Bxe4 Nf6 19. Ne5 Nxe4 20. Qxe4 Rb8 21.
Rad1 Bd6 22. Rfe1 Qe6 23. Qc2 Bb4 24. Re3 Qxa2 25. Nxc6 Qd5 26. Rc1 Rc8 27. Rc3
Re8 28. Rc4 Bd6 29. Qd1 Re6 30. Qf3 Qb5 31. d5 Rf6 32. Qe4 Qxb2 33. R4c2 Qb5
34. Nxa7 Qxd5 35. Rc8+ Bf8 36. Rxf8+ Kxf8 37. Rc8+ 1-0